MDQL
is popping MORE tags! Check the
thread
!
Quizzes
Events
Quiz Creation
Community
Videos
Private Events
Remove Ads
Sign In
Join for FREE
Feedback
Dark Mode
Quiz Categories
Sports
Geography
Music
Movies
Television
Just For Fun
Miscellaneous
History
Literature
Language
Science
Gaming
Entertainment
Religion
Holiday
For Kids
Quiz Lab
Recent
Popular Today
Quiz Kudos Today
Editor Picks
Curator Picks
Quizzes by...
Day
Popularity
Type
Ratings
Length
Year
Community
Subscriptions
Recent Discussions
Orange Saloon
Badges
Playlists
Quests
Create
Leaderboards
Showdown
Live 5
Trivia Bingo
Activity
Puzzle Library
Sporcle Events
Private Events
Virtual Trivia
Globe League
Become a Host
Pub Owners
SporcleCon
Opinionation
Our Games
Videos
Blog
Mobile Apps
Partnerships
Remove Ads and Go Orange
Feedback
Movies
Disney
Marvel Cinematic Universe
Movie Resume
Movie Titles
Oscar
Actor
Actress
Director
Pixar
Role
Movie Quotes
Movie Characters
Box Office
Nominee
Best Picture
Star Wars
James Bond
Horror Movies
Movies
Disney
Marvel Cinematic Universe
Movie Resume
Movie Titles
Oscar
Actor
Actress
Director
Pixar
Role
Movie Quotes
Movie Characters
Box Office
Nominee
Best Picture
Star Wars
James Bond
Horror Movies
Random Quiz
Search Sporcle
×
Quiz Lab
Quiz Lab
Movies
Julia Roberts
Type in answers that appear in a list
Type in answers that appear in a list
Classic
Best Score? Go Orange.
Hook Follow The Clues Stats
Follow The Clues For The Movie Hook
By
Wisdom1786
10m
73 Questions
196 Plays
196 Plays
196 Plays
Comments
Comments
Give Quiz Kudos
Give Quiz Kudos
-
- Ratings
hide this ad
More Info
Replay
Link that replays current quiz
Next Quiz
Link to next quiz in quiz playlist
You Got
0%
They Got
Avg Score
60%
Avg Friend Score
Upgrade to see
Score Distribution
Jump to the score distribution portion of the page
Score
0/73
Timer
10:00
0
Plays Today
Hook
% Correct
After The Police Take The Report Grandmother Tries To Convince Man He Is
Peter
98.5%
For The First Time & Falling Instantly In Love With That
Peter
98.5%
Portayed By
Robin Williams
85.7%
To Visit Wife's Grandmother
Wendy
82.7%
To Her Great-
Grandchildren & Tells Her Great-
Granddaughter She Is Actually
Wendy
82.7%
& Recalls His Lost Youth He Couldn't Remember Other Than Being Adopted, He Also Remembers Meeting
Wendy
82.7%
Movie Starts With Man Missing His Sons
Baseball
80.1%
Created By Grandmother But Upon Returning Home They Find The Children Missing & A Note Signed By
Hook
80.1%
Once There Man Sees Pirates & Attempts To Negotiate With Their Captain
Hook
80.1%
Into An Epic Final Battle Against
Hook
80.1%
Son,
Jack
79.6%
And Daughter
Maggie
77.6%
Man Doesn't Believe Her Then Later He Is Approached By
Tinkerbell
76%
The Captain However Refuses To Believe The Man Is His Old Rival But At
Tinkerbell
76%
On The Last Day He Talks With
Tinkerbell
76%
Once Settled In & Before Leaving With Granddaughter & The Man, Grandmother Reads From
Peter Pan
74%
Pan
74%
Pan
74%
Hook Is About A Man Named
Peter Banning
73%
Travel To
London
71.9%
Who Knocks Him Out & Takes Him To
Neverland
71.9%
It Takes Time But The Man Slowly Starts To Remember His Past & Remember
Neverland
71.9%
To
71.9%
And Their Leader
Rufio
70.9%
Portrayed By
Dustin Hoffman
70.9%
Sadly
Rufio
70.9%
After Being Saved The Man Meets The
Lost Boys
70.4%
The Next Morning The Man Leads The
Lost Boys
70.4%
Later The Man Along With His Wife,
Moira
69.9%
For The First TIme & Seeing
Moira
69.9%
Suddenly He Remembers The Happiest Day Of His Life, The Day He Became A
Father
68.9%
Game
68.4%
Which Would Enable Him To
Fly
67.3%
Is Killed But The Man & His Arch Rival Finish Their Duel With Rival Being Eaten By A
Crocodile
67.3%
Portrayed by
Maggie Smith
66.8%
Captain's Go To Guy
Smee
64.8%
The Man Is Tossed Overboard But Is Saved By
Mermaids
63.8%
Hook
% Correct
Was No More. For Two Days He Could Never Find His
Happy
63.3%
Darling
60.7%
The
60.7%
And
60.7%
Thought
60.2%
Upon Arriving To Grandmothers They Meet
Tootles
57.7%
After Kids Are Tucked In Grandmother, Granddaughter & Man Go To A Ceremony Celebrating The Expansion Of An
Orphanage
57.1%
's Intervention He Gives Her
Three Days
56.1%
Next To Answer Door Is Grandmother's Housekeeper
Liza
54.1%
In Charge Of The Group & Returns Home. Type The End
The End
54.1%
Name Of The Dog
Nana
54.1%
Who Slams The Door In Their Face Upon Saying
It's
53.1%
Snowing
53.1%
With That For The First Time In Years He
Flies
53.1%
Right
52.6%
Star
52%
On
52%
How To Get To Where Final Battle Takes Place
Second
51%
Straight
51%
Morning
51%
Till
48%
Portrayed By
Bob Hoskins
44.9%
With That The Man Leaves One Of His Friend
Thud Butt
43.9%
Bonus: People Man Meets Names
Pockets
36.7%
Couple Affected By Dust On Bridge Played By
George Lucas
36.7%
Carrie Fisher
36.7%
Charlie Korsmo
34.7%
To Prepare The Man For The Ultimate
Duel
34.7%
Who Is A
Corporate Lawyer
33.7%
Amber Scott
33.7%
Don't Ask
33.7%
All Of Whom Portrayed By
Caroline Goodall
33.2%
Too Small
32.1%
Latchboy
27.6%
No Nap
26%
Ace
21.9%
Quiz Playlist
Details
Report
Send in Message
Add To Playlist
More Info:
Can you give the answers based on clues for the movie Hook? if you feel questions aren't like clues i apologize in advance.
Classic:
Type in answers that appear in a list
Last Updated: Feb 16, 2017
Quiz Scoreboard
CHALLENGE
Sign Up to Join the Scoreboard
Show All
Scores
Hide
Comments
May contain spoilers
Recently Published
Find the 'City' Movie
by crazypaving
Movies
60s
5x2 Blitz: Bands
by SL_Kpop136
Music
30s
Colored Red Africa Blitz
by spor1
Geography
30s
More to Explore
Quiz From the Vault
Featured Blog Post
14 Easter Pick-up Lines to Find Eggs With
hide this ad
You Might Also Like...
Tags
Dustin Hoffman
Julia Roberts
Robin Williams
Steven Spielberg
Today's Top Quizzes in Movies
Browse Movies
hide this ad
Today's Top Quizzes in Julia Roberts
Browse Julia Roberts
Top Contributed Quizzes in Movies
1
Find The 'Big' Movie
2
Find The 'Blue' Movie
3
Find The 'Wild' Movie
4
Hidden Star Wars Character II
5
Pick 5 Posters: Directed by Spielberg
6
Hidden Star Wars Character III
7
Hidden Star Wars Character IV
8
Movies By Plot
9
Alfred Hitchcock Movies by Plot
10
Hidden Star Wars Character V
Explore More
Trending Topics
Crossword
NBA
Disney
Marvel
Harry Potter
Anime
Kpop
Song
WWE
NFL
Puzzle
The Office
Country
Pokémon
Soccer
hide this ad
More By:
Wisdom1786
Quiz
Plays
Rating
Category
Featured
Created
Dirty Harry's Speech
15,406
4.70
Movies
Jan 5, 2011
How Well Do You Know Tommy Oliver?
1,410
5.00
Just For Fun
Nov 21, 2014
Jurassic World Survivor or Non-Survivor
1,234
1.89
Movies
Sep 17, 2015
Home Alone 2: Airport Scene
956
5.00
Movies
Dec 24, 2013
Name The That 70s Show Gangs Other Names
810
1.75
Television
Jun 28, 2011
Go to Creator's Profile
Score Distribution
Quiz Creator Spotlight
Wisdom1786
Follow
Send a Message
Quizzes Created
-
Created Quiz Play Count
-
More By This Creator
Popular Quizzes Today
1
Find the 'City' Movie
2
5x2 Blitz: Bands
3
Colored Red Africa Blitz
4
Find the US States - No Outlines Minefield
5
The Countries of the World
6
Find the US States
7
9x9 Crossword: Cartoon Network
8
US States
More Movies Quizzes
'N' Movie Heroes
Quiz Lab
Trending Quizzes
Colored Red Africa Blitz II
Colored Red Europe Blitz I
Colored Red Africa Blitz III
Colored Red Europe Blitz II
Colored Red Europe Blitz III
Recently Updated
Champions League XIs: Real Madrid
pecheneg
Largest US Cities 1790-2010
pecheneg
Rides in Walt Disney World
pecheneg
Most Oscar Losses (Acting)
pecheneg
Beyoncé Albums
pecheneg
Leaping Animals
pecheneg
Reality TV Shows (A-Z)
bhenderson79
Rickey Henderson's Hall of Fame Teammates
pecheneg
Champions League XIs: Arsenal
pecheneg
Quick Pick: Celebrities in WWE's Hall of Fame
aduchscher
Trending Topics
NBA
Kpop
Marvel
Disney
Harry Potter
Anime
Crossword
Soccer
NFL
The Office
Country
Puzzle
WWE
Song
Pokémon
Your Account Isn't Verified!
In order to create a playlist on Sporcle, you need to verify the email address you used during registration. Go to your
Sporcle Settings
to finish the process.
Report this User
Report this user for behavior that violates our
Community Guidelines
.
Details:
Send Report
Go to the Sporcle.com Mobile Site →
Comments